000 00394nam a2200157Ia 4500
008 230512s9999 xx 000 0 und d
041 _aeng
100 _aED BY LAKSHMI T & ETC
245 _aAN ANTHOLOGY OF BEST PRACTICES IN TEACHER EDUCATION
250 _a1
260 _bNAAC BANGALORE
300 _a174
500 _aPaper Back
520 _aReference Copy
650 _aReference Book
999 _c407152
_d407152